[Event "III  Wielkopolska  Liga  Seniorow   2013/2014"]
[Site "Wielkopolska "]
[Date "1899-12-30"]
[Round "3.10"]
[White "Kaczmarek, Piotr"]
[Black "Strozyk, Aleksandra"]
[Result "0-1"]
[WhiteTitle "I+"]
[BlackTitle "II+"]
[WhiteElo "1878"]
[BlackElo "1392"]

1. e4 c6 2. d4 d5 3. f3 e6 4. Nc3 Bb4 5. Bf4 Ne7 6. Qd3 Nd7 7. O-O-O Nb6 8. Nge2
Nc4 9. Nb1 Qb6 10. b3 Na3 11. c3 Nxb1 12. Qxb1 Ba3+ 13. Kc2 c5 14. Bc1 Bxc1 15.
Qxc1 Bd7 16. Qe3 Rc8 17. Kb2 c4 18. b4 a5 19. a3 Ba4 20. Ra1 O-O 21. e5 Nc6 22.
Qd2 Ra8 23. Ng3 axb4 24. axb4 Bb3 25. Be2 Ra6 26. Rxa6 bxa6 27. Ra1 a5 28. bxa5
Nxa5 29. Kc1 Ba4 30. Bd1 Bxd1 31. Kxd1 Nb3 32. Qb2 Rb8 33. Rb1 Qa5 34. Ne2 Qa4
35. Ke1 Qa5 36. Kf2 f6 37. exf6 gxf6 38. Qc2 Qc7 39. g3 Qd7 40. f4 Rf8 41. Kg2
Qg7 42. f5 e5 43. Rd1 Rd8 44. h3 Qg5 45. Ng1 e4 46. Qf2 Re8 47. Qf4 e3 48. Qxg5+
fxg5 49. Nf3 e2 50. Re1 Re3 51. Nxg5 Nc1 52. Kf2 Rxc3 53. Kg2 Rc2 54. Nf3 c3 55.
g4 Nd3 56. g5 Nxe1+ 57. Nxe1 Rd2 58. Kf2 c2 59. Nxc2 Rxc2 60. Ke1 Rc4 61. Kxe2
Rxd4 62. Kf3 Re4 63. f6 Kf7 64. Kg3 d4 65. Kf3 Rh4 66. Kg3 Rxh3+ 67. Kf2 d3 68.
Ke1 Rg3 69. Kd2 Rxg5 70. Kxd3 Kxf6 71. Ke3 h5 72. Kf4 h4 73. Kf3 h3 74. Ke2 h2
0-1

[Event "III  Wielkopolska  Liga  Seniorow   2013/2014"]
[Site "Wielkopolska "]
[Date "1899-12-30"]
[Round "3.11"]
[White "Stochnialek, Dominika"]
[Black "Simon, Marek"]
[Result "1-0"]
[WhiteTitle "II"]
[BlackTitle "I"]
[WhiteElo "1347"]
[BlackElo "1805"]

1. e4 c6 2. d4 d5 3. f3 e6 4. Nc3 Bb4 5. Bf4 Ne7 6. Bd3 dxe4 7. fxe4 Qxd4 8. Nf3
Bxc3+ 9. bxc3 Qxc3+ 10. Bd2 Qc5 11. Rb1 a5 12. Qe2 e5 13. Rb3 b5 14. Be3 Qd6 15.
O-O Be6 16. c4 Nd7 17. Rd1 Qc7 18. Rb2 Bxc4 19. Bxc4 bxc4 20. Qxc4 O-O 21. Rbd2
Rad8 22. Qd3 Nc8 23. Bc5 Rfe8 24. Qxd7 Rxd7 25. Rxd7 Qb8 26. Rd8 f6 27. Rxe8+
Kf7 28. Rf8+ Kg6 29. Nh4+ Kh5 30. Nf5 g6 31. Ng3+ Kg4 32. Rxf6 Qb5 33. Be3 Nb6
34. Rf3 Nc4 35. Bf2 Qa4 36. Rdd3 Qxa2 37. h3+ Kg5 38. h4+ Kxh4 39. Nf5+ Kg5 40.
Bh4+ Kh5 41. Rh3 gxf5 42. Rdg3 Qb1+ 43. Kh2 f4 44. Bf6# 1-0

[Event "III  Wielkopolska  Liga  Seniorow   2013/2014"]
[Site "Wielkopolska "]
[Date "1899-12-30"]
[Round "3.12"]
[White "Kozlowska, Marzena"]
[Black "Choremska, Zuzanna"]
[Result "1-0"]
[WhiteTitle "k"]
[BlackTitle "II+"]
[WhiteElo "1915"]
[BlackElo "1307"]

1. e4 e5 2. Nf3 Nc6 3. d4 exd4 4. Bc4 d6 5. Nxd4 Nf6 6. Nc3 Be6 7. Nxe6 fxe6 8.
Bxe6 Qe7 9. Bd5 Nb4 10. O-O O-O-O 11. a3 Nbxd5 12. exd5 Re8 13. Qd4 b6 14. Qa4
a5 15. b4 Qd7 16. Qb5 a4 17. Qc4 g6 18. b5 Bg7 19. Nxa4 Nxd5 20. Qxd5 Qe6 21.
Qa8+ Kd7 22. Qc6+ Kd8 23. Bg5+ Bf6 24. Bxf6+ Qxf6 25. Rad1 Re5 26. Nxb6 Ke7 27.
Nd5+ 1-0

[Event "III  Wielkopolska  Liga  Seniorow   2013/2014"]
[Site "Wielkopolska "]
[Date "1899-12-30"]
[Round "3.13"]
[White "Zakrzewski, Marek"]
[Black "Nadstoga, Wojciech"]
[Result "1-0"]
[WhiteTitle "k"]
[BlackTitle "I+"]
[WhiteElo "2166"]
[BlackElo "2020"]

1. e4 d6 2. d4 Nf6 3. Nc3 g6 4. f4 Bg7 5. Nf3 c5 6. Bb5+ Bd7 7. e5 Ng4 8. e6 Bxb5
9. exf7+ Kd7 10. Nxb5 Qa5+ 11. Nc3 Nh6 12. O-O cxd4 13. Nxd4 Qb6 14. Be3 Nc6 15.
Nd5 Qa5 16. Nb3 Qd8 17. c4 e6 18. Nc3 Ke7 19. f5 Kxf7 20. fxe6+ Ke8 21. Ne4 Nf5
22. Bg5 Nce7 23. Rxf5 gxf5 24. Qh5+ Ng6 25. Bxd8 fxe4 26. Qb5+ 1-0

[Event "III  Wielkopolska  Liga  Seniorow   2013/2014"]
[Site "Wielkopolska "]
[Date "1899-12-30"]
[Round "3.14"]
[White "Hanusek, Sebastian"]
[Black "Ancuta, Adam"]
[Result "1/2-1/2"]
[WhiteTitle "I+"]
[BlackTitle "I+"]
[WhiteElo "2073"]
[BlackElo "1961"]

1. e4 e5 2. Nf3 Nc6 3. Bb5 Nf6 4. O-O Nxe4 5. Re1 Nd6 6. Bxc6 dxc6 7. Nxe5 Be7
8. Qe2 Nf5 9. d3 O-O 10. Nd2 Bf6 11. Ndf3 Re8 12. Qd1 Be6 13. Bd2 Bd5 14. Bc3
Nh4 15. Nxh4 Bxh4 16. Qg4 Qg5 17. Qh3 Be6 18. Qe3 Qxe3 19. Rxe3 Bg5 20. Re2 Bd5
21. Rae1 Re6 22. Nd7 Rae8 23. Rxe6 Rxe6 24. a3 Rxe1+ 25. Bxe1 Be7 26. Bb4 Bd6
27. c4 Be6 28. Nc5 a5 29. Nxe6 axb4 30. Nd8 bxa3 31. bxa3 b5 32. Nxc6 1/2-1/2

[Event "III  Wielkopolska  Liga  Seniorow   2013/2014"]
[Site "Wielkopolska "]
[Date "1899-12-30"]
[Round "3.15"]
[White "Paczka, Patryk"]
[Black "Wesolowski, Edgar"]
[Result "0-1"]
[WhiteTitle "II+"]
[BlackTitle "I++"]
[WhiteElo "1807"]
[BlackElo "2001"]

1. e4 c5 2. Nf3 d6 3. d4 cxd4 4. Nxd4 Nf6 5. Nc3 g6 6. Be3 Bg7 7. f3 O-O 8. Qd2
Nc6 9. O-O-O d5 10. exd5 Nxd5 11. Nxc6 bxc6 12. Bd4 e5 13. Bc5 Be6 14. Ne4 Re8
15. h4 Qc7 16. h5 Rad8 17. hxg6 hxg6 18. g4 f6 19. c4 Nb6 20. Nd6 Re7 21. Qh2
Na4 22. Ba3 c5 23. Ne4 Rxd1+ 24. Kxd1 Rd7+ 25. Kc2 Qc6 26. Bd3 Nxb2 27. Qh7+ Kf7
28. Nxf6 Rxd3 29. Qg8+ Kxf6 30. g5+ Kxg5 31. Qxg7 Qa4+ 32. Kb1 Bf5 33. Qh6+ Kf6
34. Qf8+ Ke6 35. Qg8+ Kd6 36. Qf8+ Kc7 37. Qxc5+ Kb7 38. Kxb2 Rd2+ 39. Ka1 Rd1+
40. Bc1 Rxh1 41. Qe7+ Qd7 42. Qb4+ Ka8 0-1

[Event "III  Wielkopolska  Liga  Seniorow   2013/2014"]
[Site "Wielkopolska "]
[Date "1899-12-30"]
[Round "3.16"]
[White "Hanusek, Krzysztof"]
[Black "Palasz, Krzysztof"]
[Result "0-1"]
[WhiteTitle "I"]
[BlackTitle "II"]
[WhiteElo "1821"]
[BlackElo "1813"]

1. e4 c5 2. Nf3 e6 3. Nc3 Nc6 4. d4 cxd4 5. Nxd4 Qc7 6. Be3 Nf6 7. Bd3 Be7 8. O-O
a6 9. Qe1 b5 10. f4 d6 11. Nxc6 Qxc6 12. e5 Bb7 13. Qg3 Nh5 14. Qg4 g6 15. exd6
Qxd6 16. Rad1 Qb4 17. Ne2 O-O 18. Qh3 Qxb2 19. Bd4 Qxa2 20. g4 Ng7 21. Qh6 f6
22. Ng3 Rad8 23. Be3 f5 24. g5 Bb4 25. h4 Rxd3 0-1

[Event "III  Wielkopolska  Liga  Seniorow   2013/2014"]
[Site "Wielkopolska "]
[Date "1899-12-30"]
[Round "3.17"]
[White "Kowara, Magdalena"]
[Black "Kowalewicz, Kacper"]
[Result "0-1"]
[WhiteTitle "I++"]
[BlackTitle "II+"]
[WhiteElo "1877"]
[BlackElo "1722"]

1. e4 e5 2. Nf3 Nc6 3. Bb5 a6 4. Ba4 Nf6 5. O-O b5 6. Bb3 Be7 7. c3 d6 8. Re1 Na5
9. Bc2 c5 10. h3 Qc7 11. d4 O-O 12. Nbd2 Bd7 13. Nf1 Rfc8 14. d5 c4 15. N3h2 Ne8
16. f4 exf4 17. Bxf4 Bf6 18. Rb1 b4 19. cxb4 Qb6+ 20. Kh1 Qxb4 21. Bd2 Qc5 22.
Ng4 Bxg4 23. Qxg4 Rab8 24. Ne3 Rc7 25. Ba4 Rcb7 26. Rf1 c3 27. Bxe8 cxd2 28. Rxf6
Qxe3 29. Rxf7 Rxf7 30. Bxf7+ Kh8 31. Rf1 Nc4 32. Kh2 Qd4 33. Be6 Ne3 0-1

[Event "III  Wielkopolska  Liga  Seniorow   2013/2014"]
[Site "Wielkopolska "]
[Date "1899-12-30"]
[Round "3.18"]
[White "Wesolowska, Katarzyna"]
[Black "Kaczmarek, Julia"]
[Result "0-1"]
[WhiteTitle "I++"]
[BlackTitle "I"]
[WhiteElo "1692"]
[BlackElo "1749"]

1. e4 g6 2. d4 Bg7 3. Nf3 c5 4. c3 cxd4 5. cxd4 d5 6. exd5 Nf6 7. Nc3 O-O 8. Bc4
Nbd7 9. d6 exd6 10. O-O Nb6 11. Bb3 Be6 12. Re1 Nfd5 13. Bg5 Qd7 14. Qd2 Rac8
15. Nxd5 Bxd5 16. Bxd5 Nxd5 17. Bh6 Qg4 18. h3 Qf5 19. Rac1 b6 20. Bxg7 Kxg7 21.
Nh4 Qf6 22. Nf3 Nf4 23. Rc3 Nd5 24. Rcc1 Qf5 25. a3 Rxc1 26. Qxc1 Rc8 27. Qd1
Qc2 28. Qb1 Qxb1 29. Rxb1 Rc2 30. g3 Nf6 31. Ne1 Rd2 32. Nf3 Rd3 33. Kg2 Ne4 34.
Re1 f5 35. Re2 Kf6 36. g4 h6 37. gxf5 gxf5 38. h4 Kg6 39. Re3 Rd1 40. Re1 Rxe1
41. Nxe1 Nd2 42. Nc2 f4 43. Ne1 Kf5 44. f3 Nc4 45. Nd3 Ne3+ 46. Kf2 Nc2 47. d5
Ne3 48. Nb4 a5 49. Nd3 Nxd5 50. Kg2 Ne3+ 51. Kf2 Nc4 52. Ke2 Ne3 53. Kf2 Nd5 54.
Kg2 Ne7 55. Nf2 Ng6 56. Kh3 d5 57. Ng4 h5 58. Nf2 Ke5 0-1

[Event "III  Wielkopolska  Liga  Seniorow   2013/2014"]
[Site "Wielkopolska "]
[Date "1899-12-30"]
[Round "3.19"]
[White "Nowak, Rafal"]
[Black "Bajerlein, Dawid"]
[Result "1/2-1/2"]
[WhiteTitle "I++"]
[BlackTitle "k"]
[WhiteElo "2039"]
[BlackElo "2086"]

1. d4 c5 2. dxc5 e6 3. Nf3 Bxc5 4. c4 Nc6 5. a3 a5 6. Nc3 Nf6 7. e3 d5 8. Qc2 O-O
9. cxd5 exd5 10. Be2 Bg4 11. O-O Qe7 12. Rd1 Rfd8 13. Nd4 Nxd4 14. exd4 Bxe2 15.
Nxe2 Bd6 16. h3 Re8 17. Be3 Ne4 18. Qd3 Rac8 19. Rac1 Qd7 20. Nc3 Nxc3 21. Rxc3
Rxc3 22. Qxc3 Qc7 23. Qb3 Qc6 24. g3 a4 25. Qd3 Qd7 26. Kg2 Rc8 27. Bd2 b5 28.
Qf3 Be7 29. Re1 Bf6 30. Bb4 h6 31. Bc5 Rc6 32. Qf4 Re6 33. Rxe6 fxe6 34. h4 Kh7
35. h5 Qe8 36. Qg4 e5 37. Qf5+ Kh8 38. Bd6 exd4 39. Qxd5 d3 40. Qxd3 Qxh5 41.
Qd2 Bxb2 42. Qxb2 Qd5+ 43. Kg1 Qxd6 44. Qxb5 Qxa3 45. Qe8+ Kh7 46. Qe4+ g6 47.
Qb7+ Kg8 48. Qd7 Qb3 49. Qe8+ Kg7 50. Qd7+ Kf6 51. Qd6+ Kf5 52. Qf4+ Ke6 53. Qe4+
Kf7 54. Qf4+ Kg8 55. Qxh6 Qb1+ 56. Kh2 a3 57. Qe3 a2 58. Qe8+ Kh7 59. Qe7+ Kh6
60. Qh4+ Kg7 61. Qe7+ Kg8 62. Qe8+ Kh7 63. Qe7+ Kh8 64. Qe8+ Kg7 65. Qe7+ 1/2-1/2

[Event "III  Wielkopolska  Liga  Seniorow   2013/2014"]
[Site "Wielkopolska "]
[Date "1899-12-30"]
[Round "3.20"]
[White "Hemmerling, Jaroslaw"]
[Black "Dzwikowski, Adam"]
[Result "0-1"]
[WhiteTitle "I+"]
[BlackTitle "I+"]
[WhiteElo "1989"]
[BlackElo "2005"]

1. e4 Nf6 2. e5 Nd5 3. d4 d6 4. c4 Nb6 5. f4 dxe5 6. fxe5 g6 7. Be3 Bg7 8. Nc3
O-O 9. Nf3 Nc6 10. Be2 Bg4 11. Qd2 Qd7 12. O-O Rad8 13. Rad1 Qc8 14. Qc1 Rd7 15.
Ng5 Bxe2 16. Nxe2 Rdd8 17. Nf3 a5 18. b3 a4 19. Bh6 axb3 20. axb3 Nb4 21. Bxg7
Kxg7 22. Qc3 c5 23. d5 e6 24. dxe6 Rxd1 25. Rxd1 fxe6 26. Rd6 Na8 27. Ng5 Nc7
28. Qd2 Nc6 29. Rd7+ Kg8 30. Qd6 Qa8 31. h4 Qa1+ 32. Kh2 Nxe5 33. Rg7+ Kxg7 34.
Qxc7+ Rf7 35. Nxf7 Nxf7 36. Qxb7 0-1

[Event "III  Wielkopolska  Liga  Seniorow   2013/2014"]
[Site "Wielkopolska "]
[Date "1899-12-30"]
[Round "3.21"]
[White "Sobczak, Miroslaw"]
[Black "Bernat, Marcin"]
[Result "1-0"]
[WhiteTitle "I++"]
[BlackTitle "k"]
[WhiteElo "2000"]
[BlackElo "2120"]

1. e4 e6 2. d4 d5 3. exd5 exd5 4. Nf3 Bd6 5. c4 dxc4 6. Bxc4 Nf6 7. O-O O-O 8.
Nc3 Nc6 9. h3 h6 10. Qc2 a6 11. a4 Nb4 12. Qb1 Re8 13. Bxh6 Be6 14. Bxe6 Rxe6
15. Bg5 Be7 16. Qf5 g6 17. Qf4 Nfd5 18. Qh4 f6 19. Bd2 Qf8 20. Rae1 Rxe1 21. Rxe1
Rd8 22. Qg4 Qf7 23. Nh4 Kh7 24. f4 f5 25. Qg3 Rd6 26. Nf3 Qg7 27. Ne2 Nc6 28.
Ne5 Nf6 29. Qb3 Nd8 30. a5 Ne4 31. Bb4 Rf6 32. d5 Bxb4 33. Qxb4 Rd6 34. Nc3 Nxc3
35. bxc3 Rxd5 36. Nf3 Rd7 37. Re8 Qf6 38. Ne5 Rg7 39. Rf8 Qe6 1-0

[Event "III  Wielkopolska  Liga  Seniorow   2013/2014"]
[Site "Wielkopolska "]
[Date "1899-12-30"]
[Round "3.22"]
[White "Skwarczynski, Marcin"]
[Black "Banach, Szymon"]
[Result "0-1"]
[WhiteTitle "I"]
[BlackTitle "I+"]
[WhiteElo "1998"]
[BlackElo "1839"]

1. e4 c5 2. Nf3 Nc6 3. Bc4 e6 4. d4 cxd4 5. Nxd4 Bc5 6. Nb3 Bb6 7. O-O Nge7 8.
Nc3 Ne5 9. Be2 O-O 10. Bf4 N5g6 11. Bd6 a6 12. Qd2 Re8 13. Rfd1 f5 14. Bh5 Bc7
15. Qg5 Bxd6 16. Rxd6 fxe4 17. Bxg6 Nxg6 18. Qxd8 Rxd8 19. Nxe4 Nf8 20. Rad1 Rb8
21. Na5 Re8 22. c4 b6 23. Nb3 Bb7 24. Nc3 Ba8 25. Na4 Bc6 26. Nc3 Kf7 27. Nd2
Ng6 28. Nf1 Ke7 29. Ne3 Rf8 30. R6d2 h5 31. b4 b5 32. c5 Ne5 33. Rd4 Rf7 34. Ne4
Rbf8 35. R1d2 Rf4 36. Nd6 R8f6 37. a3 Nf7 38. Nxf7 Kxf7 39. f3 g5 40. h3 Ke7 41.
Kf2 Ke8 42. Ke2 Ke7 43. Rd6 Rf8 44. R2d4 R8f7 45. Rxf4 Rxf4 46. Kd3 Kf6 47. Kc3
Ke5 48. Rd1 Rf7 49. Rd4 Rf8 50. Nd1 Rf4 51. Rd2 Rc4+ 52. Kb2 Kf4 53. Nc3 Ke3 54.
Rd1 a5 55. bxa5 Rxc5 56. a6 d5 57. a7 Ba8 58. Na2 e5 59. Nb4 d4 60. Re1+ Kd2 0-1

[Event "III  Wielkopolska  Liga  Seniorow   2013/2014"]
[Site "Wielkopolska "]
[Date "1899-12-30"]
[Round "3.23"]
[White "Wisniewski, Emil"]
[Black "Glatty, Zbigniew"]
[Result "1-0"]
[WhiteTitle "I"]
[BlackTitle "I"]
[WhiteElo "1843"]
[BlackElo "1918"]

1. e4 e5 2. Nc3 Nc6 3. f4 exf4 4. Nf3 g5 5. h4 g4 6. Ng5 d5 7. exd5 Nd4 8. Ne2
Qe7 9. c3 Nxe2 10. Qxe2 h6 11. Ne4 f5 12. Nf2 Nf6 13. Nd3 Qxe2+ 14. Bxe2 Nxd5
15. c4 Nb4 16. Nxb4 Bxb4 17. O-O Bc5+ 18. Kh1 O-O 19. Rxf4 Re8 20. Bd3 Re1+ 21.
Rf1 Bf2 22. h5 g3 23. Rxe1 Bxe1 24. Bc2 Bf2 25. d4 Kg7 26. Bf4 c6 27. Rd1 Bd7
28. Rd3 Re8 29. Bxg3 Bxg3 30. Rxg3+ Kh7 31. Rb3 Bc8 32. Kg1 Re2 33. Bd3 Re7 34.
Kf2 Kg7 35. Bc2 Kf6 36. Rg3 Rg7 37. Rxg7 Kxg7 38. Ke3 Kf6 39. Kf4 Be6 40. Bd3
Bf7 41. Be2 a5 42. a3 b6 43. b4 axb4 44. axb4 Be6 45. c5 bxc5 46. dxc5 Bd5 47.
Bf3 Bxf3 48. gxf3 Ke6 49. Ke3 Kd5 50. Kd3 Ke5 51. Kc4 Kf4 52. b5 cxb5+ 53. Kxb5
Kxf3 54. c6 Kg2 55. c7 f4 56. c8=Q f3 57. Qg4+ 1-0

[Event "III  Wielkopolska  Liga  Seniorow   2013/2014"]
[Site "Wielkopolska "]
[Date "1899-12-30"]
[Round "3.24"]
[White "Kupsik, Joanna"]
[Black "Szelag, Zuzanna"]
[Result "1-0"]
[WhiteTitle "I"]
[BlackTitle "I"]
[WhiteElo "1648"]
[BlackElo "1516"]

1. e4 c5 2. Nf3 g6 3. Bc4 Bg7 4. d3 e6 5. Nc3 Ne7 6. Be3 d6 7. O-O O-O 8. Qd2 a6
9. a4 Nbc6 10. Bh6 Bd7 11. Bxg7 Kxg7 12. Ne2 d5 13. Ba2 Rc8 14. Ng3 Nd4 15. Qc3
Kg8 16. Nxd4 cxd4 17. Qxd4 dxe4 18. Nxe4 Nf5 19. Qe5 Ng7 20. Nf6+ Kh8 21. Bb3
Bc6 22. Rfe1 Qe7 23. Re3 Qc7 24. Qg5 Qd8 25. Rh3 Nh5 26. Rxh5 1-0

[Event "III  Wielkopolska  Liga  Seniorow   2013/2014"]
[Site "Wielkopolska "]
[Date "1899-12-30"]
[Round "3.25"]
[White "Steczek, Marcin"]
[Black "Sroczynski, Maciej"]
[Result "1/2-1/2"]
[WhiteTitle "FM"]
[BlackTitle "k"]
[WhiteElo "2373"]
[BlackElo "2274"]

1. d4 Nf6 2. c4 g6 3. Nc3 Bg7 4. Nf3 O-O 5. h3 d5 6. e3 c5 7. dxc5 Qa5 8. Bd2 Qxc5
9. cxd5 Nxd5 10. Rc1 Nc6 11. a3 Rd8 12. Nxd5 Qxd5 13. Bc4 Qf5 14. b4 Be6 15. O-O
Bxc4 16. Rxc4 Qd3 17. Qc2 Ne5 18. Nxe5 Bxe5 19. Qxd3 Rxd3 20. Bc1 Rad8 21. g4
Rc3 22. Rxc3 Bxc3 23. Kg2 b5 24. Kf3 f6 25. Ke2 Kf7 26. e4 a5 27. bxa5 Bxa5 28.
Be3 Bc7 29. Bc5 Ke6 30. Rb1 Rb8 31. Rd1 Rd8 32. Rb1 Rb8 33. Rb3 Bd6 34. Be3 1/2-1/2

[Event "III  Wielkopolska  Liga  Seniorow   2013/2014"]
[Site "Wielkopolska "]
[Date "1899-12-30"]
[Round "3.26"]
[White "Adamczewski, Maciej"]
[Black "Meczynski, Waldemar"]
[Result "1/2-1/2"]
[WhiteTitle "I"]
[BlackTitle "k"]
[WhiteElo "1858"]
[BlackElo "2129"]

1. d4 Nf6 2. c4 e6 3. Nc3 Bb4 4. Qc2 c5 5. dxc5 Bxc5 6. g3 Nc6 7. Nf3 O-O 8. Bg2
b6 9. O-O Bb7 10. e4 e5 11. a3 a5 12. Bd2 Re8 13. Rad1 Nd4 14. Nxd4 exd4 15. Nd5
Nxd5 16. exd5 a4 17. h4 b5 18. cxb5 Qb6 19. Qd3 Qg6 20. Qf3 Re5 21. Qf4 Rae8 22.
Rfe1 d6 23. g4 f6 24. Bf3 Qf7 25. Rf1 Bxd5 26. Bxd5 Qxd5 27. Bc3 Qe4 28. Bd2 Qxf4
29. Bxf4 Re4 30. Bg3 Rxg4 31. Rd3 f5 32. Kg2 Rg6 33. Kf3 Rge6 34. Bf4 Kf7 35.
Rc1 Ke7 36. Rc4 Ra8 37. Bd2 Kd7 38. Bb4 Re5 39. Bd2 g6 40. Bf4 Re4 41. h5 g5 42.
Rd1 Ra5 43. b6 Bxb6 44. Rb4 Kc6 45. Bxd6 Kxd6 1/2-1/2

[Event "III  Wielkopolska  Liga  Seniorow   2013/2014"]
[Site "Wielkopolska "]
[Date "1899-12-30"]
[Round "3.27"]
[White "Walaszczyk, Witold"]
[Black "Adamczewski, Jedrzej"]
[Result "0-1"]
[WhiteTitle "k"]
[BlackTitle "I"]
[WhiteElo "2151"]
[BlackElo "1859"]

1. d4 Nf6 2. Nf3 g6 3. c4 c5 4. e3 cxd4 5. exd4 d5 6. Nc3 Bg7 7. cxd5 Nxd5 8. Bc4
Nb6 9. Bb3 O-O 10. O-O Nc6 11. Be3 Na5 12. Bc2 Nac4 13. b3 Nd6 14. Ne5 Bf5 15.
Rc1 Rc8 16. Qd2 a6 17. g4 Bxc2 18. Rxc2 e6 19. Rfc1 Qe7 20. a4 Rfd8 21. a5 Nd7
22. Nd3 Nf6 23. f3 Qe8 24. Qf2 Rc7 25. Bg5 Rcc8 26. Kh1 h6 27. Be3 h5 28. g5 Nd7
29. Bf4 Nf5 30. Ne5 Nxd4 31. Qxd4 Nxe5 32. Qe3 Nd3 33. Rd1 Rxc3 34. Rcd2 Qb5 35.
Bg3 Rd5 36. Kg2 Qxb3 37. Kf1 Qc4 0-1

[Event "III  Wielkopolska  Liga  Seniorow   2013/2014"]
[Site "Wielkopolska "]
[Date "1899-12-30"]
[Round "3.28"]
[White "Janiszewski, Filip"]
[Black "Swiatnicki, Andrzej"]
[Result "1-0"]
[WhiteTitle "I"]
[BlackTitle "k"]
[WhiteElo "1797"]
[BlackElo "2116"]

1. e4 e5 2. Nf3 Nc6 3. Bc4 Nf6 4. d3 Bc5 5. O-O O-O 6. c3 a6 7. h3 d5 8. exd5 Nxd5
9. Re1 b5 10. Bb3 f6 11. Nbd2 Kh8 12. Ne4 Ba7 13. Nh4 Be6 14. Qf3 Qe8 15. Ng3
Rd8 16. Nhf5 Qf7 17. Re4 Nce7 18. Rh4 Ng6 19. Re4 Ndf4 20. Bxe6 Nxe6 21. Nh5 Nc5
22. Nhxg7 Nxe4 23. dxe4 Rd7 24. Bh6 Nf4 25. Rd1 Rfd8 26. Rxd7 Qxd7 27. Kh2 Qd1
28. Ne8 Qxf3 29. Bg7+ Kg8 30. Nh6# 1-0

[Event "III  Wielkopolska  Liga  Seniorow   2013/2014"]
[Site "Wielkopolska "]
[Date "1899-12-30"]
[Round "3.29"]
[White "Smagalski, Slawomir"]
[Black "Sobiech, Krzysztof"]
[Result "1-0"]
[WhiteTitle "I+"]
[BlackTitle "II+"]
[WhiteElo "2009"]
[BlackElo "1805"]

1. Nf3 Nf6 2. c4 e6 3. g3 b6 4. Bg2 Bb7 5. O-O Be7 6. Nc3 c5 7. d4 cxd4 8. Nxd4
Bxg2 9. Kxg2 Nc6 10. b3 O-O 11. Bb2 a6 12. Rc1 Qc7 13. e4 d6 14. Nd5 exd5 15.
cxd5 Nxe4 16. Rxc6 Qd8 17. Re1 Nf6 18. Nf5 Re8 19. Rxe7 Rxe7 20. Bxf6 1-0

[Event "III  Wielkopolska  Liga  Seniorow   2013/2014"]
[Site "Wielkopolska "]
[Date "1899-12-30"]
[Round "3.30"]
[White "Sokolowska, Anna"]
[Black "Swiatnicka, Malgorzata"]
[Result "0-1"]
[WhiteTitle "I"]
[BlackTitle "I"]
[WhiteElo "1465"]
[BlackElo "1841"]

1. e4 e5 2. Nf3 Nf6 3. Nc3 Nc6 4. Bc4 Nxe4 5. Bxf7+ Kxf7 6. Nxe4 d5 7. Ng3 Bc5
8. d3 Rf8 9. O-O Qf6 10. Bg5 Qg6 11. Qd2 h6 12. Bh4 Kg8 13. Kh1 Bg4 14. Ne1 Rf4
15. Ne2 Bxe2 16. Qxe2 Rxh4 17. Nf3 Rh5 18. c4 dxc4 19. dxc4 Rf8 20. a3 a5 21.
Rae1 Bd6 22. Qe4 Qxe4 23. Rxe4 Rhf5 24. Kg1 Rf4 25. Rxf4 Rxf4 26. b3 Bxa3 27.
Nd2 Bb4 28. Nf3 e4 29. Ne1 Nd4 30. g3 Rf7 31. Ng2 Nxb3 32. Ne3 a4 33. Rb1 Bc5
34. Rb2 Bxe3 35. fxe3 Rf3 36. Ra2 Nc5 37. Ra3 Kf7 38. Kg2 Kf6 39. h3 h5 0-1

[Event "III  Wielkopolska  Liga  Seniorow   2013/2014"]
[Site "Wielkopolska "]
[Date "1899-12-30"]
[Round "3.31"]
[White "Snihur, Piotr"]
[Black "Plonczak, Dominik"]
[Result "1/2-1/2"]
[WhiteTitle "k"]
[BlackTitle "k"]
[WhiteElo "2133"]
[BlackElo "2216"]

1. e4 d5 2. exd5 Qxd5 3. Nc3 Qd6 4. d4 Nf6 5. Nf3 a6 6. a4 Nc6 7. h3 Bf5 8. Bc4
Rd8 9. Be3 Qb4 10. Bb3 Na5 11. Nd2 Nxb3 12. Nxb3 e6 13. a5 Nd5 14. Bd2 Nxc3 15.
Bxc3 Qb5 16. Rc1 Be4 17. f3 Bd5 18. Nd2 Bd6 19. Kf2 Bc6 20. Ne4 Bf4 21. Ra1 e5
22. Qe1 O-O 23. dxe5 Bxe5 24. Qe3 Bxc3 25. Qxc3 Bxe4 26. fxe4 Rd6 27. Rhd1 Rc6
28. Qb3 Qc5+ 29. Kg3 Qe5+ 30. Kf2 Qxe4 31. Rd3 Rg6 32. Rf3 Qd4+ 33. Kf1 Re6 34.
Qxb7 Qc4+ 35. Kg1 Qxc2 36. Rc3 Qd2 37. Rxc7 1/2-1/2

[Event "III  Wielkopolska  Liga  Seniorow   2013/2014"]
[Site "Wielkopolska "]
[Date "1899-12-30"]
[Round "3.32"]
[White "Przybylski, Bartosz"]
[Black "Szadkowski, Krzysztof"]
[Result "0-1"]
[WhiteTitle "I+"]
[BlackTitle "k"]
[WhiteElo "2105"]
[BlackElo "2161"]

1. Nf3 Nf6 2. c4 d5 3. e3 c6 4. b3 e6 5. Bb2 Nbd7 6. Be2 Bd6 7. O-O O-O 8. d3 e5
9. Nbd2 Re8 10. e4 dxe4 11. Nxe4 Nxe4 12. dxe4 Qf6 13. Qc2 Nf8 14. c5 Bc7 15.
Bc1 Bg4 16. Ne1 Bxe2 17. Qxe2 Ne6 18. Be3 Nd4 19. Bxd4 exd4 20. Nd3 Qg6 21. Rae1
b6 22. f4 bxc5 23. Qf3 c4 24. bxc4 Qe6 25. f5 Qxc4 26. f6 gxf6 27. Qxf6 Qe6 28.
Qh4 Bd8 29. Qf2 Bg5 30. Qxd4 Rad8 31. Qc3 Qxa2 32. Nb4 Qd2 33. Qb3 Rd7 34. Nxc6
Rc8 35. Qa4 Rdc7 36. Ne5 Rc2 0-1

[Event "III  Wielkopolska  Liga  Seniorow   2013/2014"]
[Site "Wielkopolska "]
[Date "1899-12-30"]
[Round "3.33"]
[White "Matlewski, Adam"]
[Black "Duszczak, Dariusz"]
[Result "1-0"]
[WhiteTitle "II+"]
[BlackTitle "I"]
[WhiteElo "1604"]
[BlackElo "1961"]

1. Nf3 e6 2. c4 f5 3. g3 Nf6 4. Nc3 Be7 5. Bg2 O-O 6. O-O d5 7. cxd5 exd5 8. d4
c6 9. a3 a5 10. Bf4 b5 11. Rc1 b4 12. axb4 axb4 13. Na4 Bd7 14. b3 Ne4 15. Bxb8
Rxb8 16. Ne5 Qe8 17. Qc2 Rf6 18. f3 Ng5 19. Nc5 Bxc5 20. Qxc5 Nf7 21. f4 Nxe5
22. dxe5 Rh6 23. Bf3 g5 24. e3 g4 25. Be2 Qf8 26. Qa7 Qc8 27. Ba6 Qe8 28. Qc5
Qf8 29. Qd4 Re6 30. Rc5 Ra8 31. Ra1 Ree8 32. Rca5 h5 33. Bd3 Rxa5 34. Rxa5 Rb8
35. Ra7 Qe7 36. Bxf5 Rd8 37. e6 c5 38. Qe5 1-0

[Event "III  Wielkopolska  Liga  Seniorow   2013/2014"]
[Site "Wielkopolska "]
[Date "1899-12-30"]
[Round "3.34"]
[White "Plonczak, Mateusz"]
[Black "Leskiewicz, Ignacy"]
[Result "1-0"]
[WhiteTitle "I"]
[BlackTitle "I"]
[WhiteElo "1936"]
[BlackElo "1624"]

1. d4 d5 2. c4 e6 3. Nf3 Nf6 4. Nc3 c6 5. Bg5 Nbd7 6. e3 Be7 7. Bd3 dxc4 8. Bxc4
b5 9. Bd3 Bb7 10. a3 a6 11. O-O O-O 12. Qe2 Rc8 13. Rfd1 Qc7 14. Rac1 Qb8 15.
e4 Nb6 16. e5 Nfd5 17. Qe4 g6 18. Bxe7 Nxe7 19. Qh4 Ned5 20. Qh6 f6 21. Re1 Rc7
22. exf6 Rxf6 23. Ne4 Rf8 24. Neg5 Nf4 25. Bb1 Bc8 26. Ne5 Rb7 27. g3 Nfd5 28.
Nxe6 Nf6 29. Nc5 Rg7 30. Ba2+ Nbd5 31. Rc2 1-0

[Event "III  Wielkopolska  Liga  Seniorow   2013/2014"]
[Site "Wielkopolska "]
[Date "1899-12-30"]
[Round "3.35"]
[White "Krol, Marcin"]
[Black "Zgarda, Jakub"]
[Result "0-1"]
[WhiteTitle "II"]
[BlackTitle "I"]
[WhiteElo "1523"]
[BlackElo "1850"]

1. d4 d5 2. Nf3 Nc6 3. c4 Bg4 4. e3 Nf6 5. Nc3 e6 6. Be2 Be7 7. O-O O-O 8. Bd2
a6 9. Rc1 Rb8 10. Ne5 Bxe2 11. Qxe2 Nxe5 12. dxe5 Nd7 13. cxd5 Nxe5 14. dxe6 fxe6
15. Ne4 Qd5 16. Ng3 c5 17. Bc3 Ng6 18. b3 b5 19. Rfd1 Qc6 20. Bb2 Rbd8 21. Rc2
Rxd1+ 22. Qxd1 Rd8 23. Qc1 Qd5 24. f3 Qd1+ 25. Qxd1 Rxd1+ 26. Kf2 Nf8 27. Ne4
Rd5 28. Ke2 Kf7 29. a4 b4 30. Nd2 Nd7 31. Nc4 Bf6 32. e4 Rh5 33. h4 Bd4 34. Kd3
e5 35. Ne3 Bxe3 36. Kxe3 Ke6 37. Kd3 Rh6 38. Bc1 Rf6 39. Be3 Kd6 40. Rc1 Kc6 41.
Rc2 Rf8 42. Rc1 Rc8 43. Re1 Rf8 0-1

[Event "III  Wielkopolska  Liga  Seniorow   2013/2014"]
[Site "Wielkopolska "]
[Date "1899-12-30"]
[Round "3.36"]
[White "Zieta, Zuzanna"]
[Black "Momot, Weronika"]
[Result "1/2-1/2"]
[WhiteTitle "II"]
[BlackTitle "I"]
[WhiteElo "1307"]
[BlackElo "1500"]

1. e4 e6 2. d4 d5 3. e5 c5 4. c3 Nc6 5. Nf3 Qb6 6. Qb3 Qxb3 7. axb3 cxd4 8. Nxd4
Nxd4 9. cxd4 Bb4+ 10. Nc3 Bd7 11. Bd3 Ne7 12. O-O O-O 13. Na2 Ba5 14. b4 Bb6 15.
Be3 Nc6 16. Bb5 Rfc8 17. Bxc6 Rxc6 18. Rac1 Rac8 19. Rc3 Rxc3 20. bxc3 Bb5 21.
Re1 a5 22. Bd2 h6 23. bxa5 Bxa5 24. Rb1 Ba6 25. Nb4 Bc4 26. f4 Kh7 27. g4 Kg6
28. h4 h5 29. gxh5+ Kxh5 30. Kf2 Bd8 31. Kf3 Be7 32. Rg1 g6 33. Nc2 Bd3 34. Ne3
Be4+ 35. Ke2 Kxh4 36. Ng2+ Kh3 37. Kf2 Bh4+ 38. Nxh4 Kxh4 39. Rg5 Ra8 40. Be1
Ra1 41. Kf1+ Kh3 1/2-1/2